header

Representing the New World (Record no. 7654)

MARC details
000 -LEADER
fixed length control field 01634nam a2200373Ia 4500
001 - CONTROL NUMBER
control field ebr10022987
003 - CONTROL NUMBER IDENTIFIER
control field CaPaEBR
006 - FIXED-LENGTH DATA ELEMENTS--ADDITIONAL MATERIAL CHARACTERISTICS--GENERAL INFORMATION
fixed length control field m u
007 - PHYSICAL DESCRIPTION FIXED FIELD--GENERAL INFORMATION
fixed length control field cr cn|||||||||
008 - FIXED-LENGTH DATA ELEMENTS--GENERAL INFORMATION
fixed length control field 010417s2001 nyu sb 001 0 eng d
020 ## - INTERNATIONAL STANDARD BOOK NUMBER
Cancelled/invalid ISBN 0312299206
040 ## - CATALOGING SOURCE
Original cataloging agency CaPaEBR
Transcribing agency CaPaEBR
035 ## - SYSTEM CONTROL NUMBER
System control number (OCoLC)55664212
050 14 - LIBRARY OF CONGRESS CALL NUMBER
Classification number E141
Item number .H37 2001eb
100 1# - MAIN ENTRY--PERSONAL NAME
Personal name Hart, Jonathan Locke,
Dates associated with a name 1956-
245 10 - TITLE STATEMENT
Title Representing the New World
Medium [electronic resource] :
Remainder of title the English and French uses of the example of Spain /
Statement of responsibility, etc Jonathan Hart.
260 ## - PUBLICATION, DISTRIBUTION, ETC. (IMPRINT)
Place of publication, distribution, etc New York ;
-- Houndmills, Basingstroke, Hampshire :
Name of publisher, distributor, etc Palgrave,
Date of publication, distribution, etc 2001.
300 ## - PHYSICAL DESCRIPTION
Extent xi, 351 p.
504 ## - BIBLIOGRAPHY, ETC. NOTE
Bibliography, etc Includes bibliographical references (pp. [285]-333) and index.
533 ## - REPRODUCTION NOTE
Type of reproduction Electronic reproduction.
Place of reproduction Palo Alto, Calif. :
Agency responsible for reproduction ebrary,
Date of reproduction 2011.
Note about reproduction Available via World Wide Web.
-- Access may be limited to ebrary affiliated libraries.
650 #0 - SUBJECT ADDED ENTRY--TOPICAL TERM
Topical term or geographic name as entry element Imperialism
General subdivision Historiography.
Topical term or geographic name as entry element Spaniards
Geographic subdivision America
General subdivision Historiography.
Topical term or geographic name as entry element Travelers' writings, English.
Topical term or geographic name as entry element Travelers' writings, French.
651 #0 - SUBJECT ADDED ENTRY--GEOGRAPHIC NAME
Geographic name America
General subdivision Colonization
-- Historiography.
Geographic name America
General subdivision Colonization
-- History
Form subdivision Sources.
Geographic name America
Form subdivision Early works to 1800
General subdivision History and criticism.
Geographic name Spain
General subdivision Colonies
Geographic subdivision America
General subdivision Historiography.
Geographic name Spain
General subdivision Foreign public opinion
-- History
Form subdivision Sources.
Geographic name Spain
General subdivision Territorial expansion
-- Historiography.
655 #7 - INDEX TERM--GENRE/FORM
Genre/form data or focus term Electronic books.
Source of term local
710 2# - ADDED ENTRY--CORPORATE NAME
Corporate name or jurisdiction name as entry element ebrary, Inc.
856 40 - ELECTRONIC LOCATION AND ACCESS
Uniform Resource Identifier <a href="http://site.ebrary.com/lib/rucke/Doc?id=10022987">http://site.ebrary.com/lib/rucke/Doc?id=10022987</a>
Public note An electronic book accessible through the World Wide Web; click to view

No items available.

© 2026 Rongo University
Contact us: librarian | system librarian | Rongo university